BIOLOGY (Record no. 26639)

MARC details
000 -LEADER
fixed length control field 00462nam a22001937a 4500
003 - CONTROL NUMBER IDENTIFIER
control field OSt
005 - DATE AND TIME OF LATEST TRANSACTION
control field 20220111165005.0
008 - FIXED-LENGTH DATA ELEMENTS--GENERAL INFORMATION
fixed length control field 211005b |||||||| |||| 00| 0 eng d
020 ## - INTERNATIONAL STANDARD BOOK NUMBER
International Standard Book Number 0-07-235692-8
040 ## - CATALOGING SOURCE
Transcribing agency HAWASSA UNIVERSITY
050 ## - LIBRARY OF CONGRESS CALL NUMBER
Classification number 574/RAV
Item number 5
082 ## - DEWEY DECIMAL CLASSIFICATION NUMBER
Edition number 5
Classification number 574/RAV
Item number 5
100 ## - MAIN ENTRY--PERSONAL NAME
Personal name RAVEN JOHONSN
9 (RLIN) 5100
245 ## - TITLE STATEMENT
Title BIOLOGY
260 ## - PUBLICATION, DISTRIBUTION, ETC.
Place of publication, distribution, etc. New York
Name of publisher, distributor, etc. MCGRAW HILL
Date of publication, distribution, etc. 1999
300 ## - PHYSICAL DESCRIPTION
Extent XXXI/1284/1311
504 ## - BIBLIOGRAPHY, ETC. NOTE
Bibliography, etc. note INEDX
942 ## - ADDED ENTRY ELEMENTS (KOHA)
Source of classification or shelving scheme Dewey Decimal Classification
Koha item type Books like text book referance book
Suppress in OPAC No
Holdings
Withdrawn status Lost status Source of classification or shelving scheme Damaged status Not for loan Home library Current library Date acquired Total Checkouts Full call number Barcode Date last seen Copy number Price effective from Koha item type
    Dewey Decimal Classification     College of Agriculture Library College of Agriculture Library 01/11/2022   574/RAV ALIB0014657 01/11/2022 3 01/11/2022 Books like text book referance book
    Dewey Decimal Classification     College of Agriculture Library College of Agriculture Library 01/11/2022   574/RAV ALIB0014658 01/11/2022 4 01/11/2022 Books like text book referance book
    Dewey Decimal Classification     College of Agriculture Library College of Agriculture Library 01/11/2022   574/RAV ALIB0014665 01/11/2022 5 01/11/2022 Books like text book referance book
    Dewey Decimal Classification     College of Agriculture Library College of Agriculture Library 01/11/2022   574/RAV ALIB0014666 01/11/2022 8 01/11/2022 Books like text book referance book
    Dewey Decimal Classification     College of Agriculture Library College of Agriculture Library 01/11/2022   574/RAV ALIB0014659 01/11/2022 6 01/11/2022 Books like text book referance book